000 00426nam a2200157 a 4500
005 20140310183322.0
008 060302s19uu xx 00 eng d
020 _a0553569791
050 _aPS 3563.A649
_b.M329 1995
100 _aMargolin, Phillip
245 _aThe last innocent man /
_cPhillip Margolin.
260 _aNew York :
_bBantam Books,
_c1995.
300 _a318 p. :
_c17 cm.
942 _cBK
_2lcc
999 _c21420
_d21420